000 00619nam a22001937a 4500
003 OSt
005 20260617155754.0
008 260617b |||||||| |||| 00| 0 eng d
020 _a0205424244
040 _cChuka university library
100 _aParkay W.Forrest
_929893
245 _aPolitical foundations for becoming a teacher
260 _aBoston
_bPearson publishers
_c2006
300 _avarious pagings
_billustrations
650 _aEducation---political aspects---united states
_929726
650 _aEducation and states--united states
_929894
650 _aTeaching united states
_928742
942 _2lcc
_cBK
_n0
999 _c24641
_d24641